Estadísticas para Rosco de Pasapalabra #51

Haz click aquí para intentar la prueba.

Estadísticas generales

  • Esta prueba ha sido intentada 57 veces
  • La puntuación promedio es 12 de 25

Estadísticas de respuestas

InicialDefiniciónRespuesta% Correcto
OVoz inglesa que se utiliza como expresión equivalente a "de acuerdo"Ok
82%
HPista destinada al aterrizaje y despegue de helicópterosHelipuerto
79%
CIntervención breve de una persona conocida, actor o no, en una película o serie de televisiónCameo
77%
RSolucionar un problema, una duda o una dificultadResolver
77%
ARegión inferior del tronco de los animales vertebrados, situada entre el tórax y la pelvisAbdomen
72%
Contiene la ÑVariedad de hongos muy usada como comestibleChampiñón
72%
USe dice de la persona que se apodera de una propiedad o de un derecho que legítimamente pertenece a otroUsurpador
72%
MPlanicie extensa situada a considerable altura sobre el nivel del marMeseta
67%
JTercera persona del plural del pretérito perfecto simple de indicativo del verbo jalarJalaron
64%
SActo de comenzar una carrera o competición de velocidadSalida
62%
DSonido de un disparo o una explosiónDetonación
59%
ZObjetivo de distancia focal variable, que modifica el ángulo de visión con el efecto de acercar o alejar la imagenZoom
51%
EDejar escrita o dibujada una cosa sobre papel, tela o planchas de metal, mediante presión con un moldeEstampar
44%
LCuerpo de tropa de la Antigua Roma compuesto de infantería y caballeríaLegión
44%
BAficionado a los libros raros y valiosos y que se dedica a coleccionarlos y a su estudioBibliófilo
36%
GJoroba, corcovaGiba
36%
VPuente construido sobre una depresión del terreno para el paso de un camino o carretera o del ferrocarrilViaducto
36%
Contiene la YEscrito en prosa en el cual un autor desarrolla sus ideas sobre un tema determinado con carácter y estilo personalesEnsayo
33%
Contiene la XNombre del personaje de tebeo que es un perro de color blanco que acompaña a Astérix y Obélix en sus aventurasIdéfix
28%
IFalta de ganas de comerInapetencia
28%
Contiene la QReunión en que se convoca a un número limitado de personas para debatir un tema determinadoColoquio
21%
PMedida para el aceite que equivale a la cuarta parte de una libraPanilla
5%
FTítulo del libro publicado por el fotógrafo Bruce Gilden en 2015Face
3%
NApellido del cineasta que dirigió la película "Miserias de la guerra"Notz
3%
TVello que cubre algunas partes de ciertas plantasTomento
3%

Distribución de puntuación

Porcentaje por número respondido

Porcentaje de gente con cada puntuación

Historial de tus puntuaciones

No has intentado esta prueba.